<?xml version="1.0" encoding="UTF-8"?>
<record
    xmlns:xsi="http://www.w3.org/2001/XMLSchema-instance"
    xsi:schemaLocation="http://www.loc.gov/MARC21/slim http://www.loc.gov/standards/marcxml/schema/MARC21slim.xsd"
    xmlns="http://www.loc.gov/MARC21/slim">

  <leader>00809nam a2200241Ia 4500</leader>
  <controlfield tag="005">20220617102802.0</controlfield>
  <controlfield tag="008">210716s2003    xx            000 0 und d</controlfield>
  <datafield tag="020" ind1=" " ind2=" ">
    <subfield code="a">8122414613</subfield>
  </datafield>
  <datafield tag="040" ind1=" " ind2=" ">
    <subfield code="c">AIMIT LIBRARY</subfield>
  </datafield>
  <datafield tag="041" ind1=" " ind2=" ">
    <subfield code="a">eng</subfield>
  </datafield>
  <datafield tag="082" ind1=" " ind2=" ">
    <subfield code="a">511.42 </subfield>
    <subfield code="2">4</subfield>
    <subfield code="b">JAIM</subfield>
  </datafield>
  <datafield tag="100" ind1=" " ind2=" ">
    <subfield code="a">Jain, M K.</subfield>
    <subfield code="9">43602</subfield>
  </datafield>
  <datafield tag="245" ind1=" " ind2=" ">
    <subfield code="a">Numerical methods: </subfield>
    <subfield code="b">for scientific and engineering computation /</subfield>
    <subfield code="c">By M K Jain, S R K Iyengar and R K Jain.</subfield>
  </datafield>
  <datafield tag="250" ind1=" " ind2=" ">
    <subfield code="a">4th ed.</subfield>
  </datafield>
  <datafield tag="260" ind1=" " ind2=" ">
    <subfield code="a">New Delhi :</subfield>
    <subfield code="b">New Age International Pvt Ltd ,</subfield>
    <subfield code="c">2003.</subfield>
  </datafield>
  <datafield tag="300" ind1=" " ind2=" ">
    <subfield code="a">xi,832p. ;</subfield>
    <subfield code="c">24 cm.</subfield>
  </datafield>
  <datafield tag="650" ind1=" " ind2=" ">
    <subfield code="a">Transcendental computation</subfield>
    <subfield code="9">43603</subfield>
  </datafield>
  <datafield tag="650" ind1=" " ind2=" ">
    <subfield code="a">Interpolation and approximation</subfield>
    <subfield code="9">43604</subfield>
  </datafield>
  <datafield tag="650" ind1=" " ind2=" ">
    <subfield code="a">Differentiation and integration</subfield>
    <subfield code="9">43605</subfield>
  </datafield>
  <datafield tag="700" ind1=" " ind2=" ">
    <subfield code="a">Iyengar, S R K.</subfield>
    <subfield code="9">43606</subfield>
  </datafield>
  <datafield tag="700" ind1=" " ind2=" ">
    <subfield code="a">Jain, R K.</subfield>
    <subfield code="9">43607</subfield>
  </datafield>
  <datafield tag="942" ind1=" " ind2=" ">
    <subfield code="2">ddc</subfield>
    <subfield code="c">BK</subfield>
    <subfield code="e">4th</subfield>
    <subfield code="k">511.42 JAIM</subfield>
  </datafield>
  <datafield tag="999" ind1=" " ind2=" ">
    <subfield code="c">185832</subfield>
    <subfield code="d">185832</subfield>
  </datafield>
  <datafield tag="952" ind1=" " ind2=" ">
    <subfield code="0">0</subfield>
    <subfield code="1">0</subfield>
    <subfield code="2">ddc</subfield>
    <subfield code="4">0</subfield>
    <subfield code="7">0</subfield>
    <subfield code="8">MCA</subfield>
    <subfield code="a">AIMIT</subfield>
    <subfield code="b">AIMIT</subfield>
    <subfield code="e">Sita Book House</subfield>
    <subfield code="g">225.00</subfield>
    <subfield code="i">Bill no:5281; Bill dt:2003-09-12</subfield>
    <subfield code="l">0</subfield>
    <subfield code="o">511.42 JAIM</subfield>
    <subfield code="p">MCA05340</subfield>
    <subfield code="r">2026-05-23 00:00:00</subfield>
    <subfield code="v">191.25</subfield>
    <subfield code="w">2021-07-16</subfield>
    <subfield code="y">BK</subfield>
  </datafield>
  <datafield tag="952" ind1=" " ind2=" ">
    <subfield code="0">0</subfield>
    <subfield code="1">0</subfield>
    <subfield code="2">ddc</subfield>
    <subfield code="4">0</subfield>
    <subfield code="7">0</subfield>
    <subfield code="8">MCA</subfield>
    <subfield code="a">AIMIT</subfield>
    <subfield code="b">AIMIT</subfield>
    <subfield code="e">Sita Book House</subfield>
    <subfield code="g">225.00</subfield>
    <subfield code="i">Bill no:5281; Bill dt:2003-09-12</subfield>
    <subfield code="l">1</subfield>
    <subfield code="o">511.42 JAIM</subfield>
    <subfield code="p">MCA05341</subfield>
    <subfield code="r">2026-05-23 00:00:00</subfield>
    <subfield code="s">2024-03-06</subfield>
    <subfield code="v">191.25</subfield>
    <subfield code="w">2021-07-16</subfield>
    <subfield code="y">BK</subfield>
  </datafield>
  <datafield tag="952" ind1=" " ind2=" ">
    <subfield code="0">0</subfield>
    <subfield code="1">0</subfield>
    <subfield code="2">ddc</subfield>
    <subfield code="4">0</subfield>
    <subfield code="7">3</subfield>
    <subfield code="8">MCA</subfield>
    <subfield code="a">AIMIT</subfield>
    <subfield code="b">AIMIT</subfield>
    <subfield code="e">Sita Book House</subfield>
    <subfield code="g">225.00</subfield>
    <subfield code="i">Bill no:5281; Bill dt:2003-09-12</subfield>
    <subfield code="l">0</subfield>
    <subfield code="o">511.42 JAIM</subfield>
    <subfield code="p">MCA05342</subfield>
    <subfield code="r">2025-07-21 00:00:00</subfield>
    <subfield code="v">191.25</subfield>
    <subfield code="w">2021-07-16</subfield>
    <subfield code="y">BK</subfield>
  </datafield>
  <datafield tag="952" ind1=" " ind2=" ">
    <subfield code="0">0</subfield>
    <subfield code="1">0</subfield>
    <subfield code="2">ddc</subfield>
    <subfield code="4">0</subfield>
    <subfield code="7">0</subfield>
    <subfield code="8">MCA</subfield>
    <subfield code="a">AIMIT</subfield>
    <subfield code="b">AIMIT</subfield>
    <subfield code="e">Sita Book House</subfield>
    <subfield code="g">225.00</subfield>
    <subfield code="i">Bill no:5281; Bill dt:2003-09-12</subfield>
    <subfield code="l">0</subfield>
    <subfield code="o">511.42 JAIM</subfield>
    <subfield code="p">MCA05343</subfield>
    <subfield code="r">2026-05-23 00:00:00</subfield>
    <subfield code="v">191.25</subfield>
    <subfield code="w">2021-07-16</subfield>
    <subfield code="y">BK</subfield>
  </datafield>
  <datafield tag="952" ind1=" " ind2=" ">
    <subfield code="0">0</subfield>
    <subfield code="1">0</subfield>
    <subfield code="2">ddc</subfield>
    <subfield code="4">0</subfield>
    <subfield code="7">0</subfield>
    <subfield code="8">MCA</subfield>
    <subfield code="a">AIMIT</subfield>
    <subfield code="b">AIMIT</subfield>
    <subfield code="e">Sita Book House</subfield>
    <subfield code="g">225.00</subfield>
    <subfield code="i">Bill no:5281; Bill dt:2003-09-12</subfield>
    <subfield code="l">0</subfield>
    <subfield code="o">511.42 JAIM</subfield>
    <subfield code="p">MCA05344</subfield>
    <subfield code="r">2026-05-23 00:00:00</subfield>
    <subfield code="v">191.25</subfield>
    <subfield code="w">2021-07-16</subfield>
    <subfield code="y">BK</subfield>
  </datafield>
  <datafield tag="952" ind1=" " ind2=" ">
    <subfield code="0">0</subfield>
    <subfield code="1">0</subfield>
    <subfield code="2">ddc</subfield>
    <subfield code="4">0</subfield>
    <subfield code="7">0</subfield>
    <subfield code="8">MCA</subfield>
    <subfield code="a">AIMIT</subfield>
    <subfield code="b">AIMIT</subfield>
    <subfield code="e">Sita Book House</subfield>
    <subfield code="g">225.00</subfield>
    <subfield code="i">Bill no:5281; Bill dt:2003-09-12</subfield>
    <subfield code="l">0</subfield>
    <subfield code="o">511.42 JAIM</subfield>
    <subfield code="p">MCA05345</subfield>
    <subfield code="r">2026-05-23 00:00:00</subfield>
    <subfield code="v">191.25</subfield>
    <subfield code="w">2021-07-16</subfield>
    <subfield code="y">BK</subfield>
  </datafield>
  <datafield tag="952" ind1=" " ind2=" ">
    <subfield code="0">0</subfield>
    <subfield code="1">0</subfield>
    <subfield code="2">ddc</subfield>
    <subfield code="4">0</subfield>
    <subfield code="7">0</subfield>
    <subfield code="8">MCA</subfield>
    <subfield code="a">AIMIT</subfield>
    <subfield code="b">AIMIT</subfield>
    <subfield code="e">Sita Book House</subfield>
    <subfield code="g">225.00</subfield>
    <subfield code="i">Bill no:5281; Bill dt:2003-09-12</subfield>
    <subfield code="l">0</subfield>
    <subfield code="o">511.42 JAIM</subfield>
    <subfield code="p">MCA05346</subfield>
    <subfield code="r">2026-05-23 00:00:00</subfield>
    <subfield code="v">191.25</subfield>
    <subfield code="w">2021-07-16</subfield>
    <subfield code="y">BK</subfield>
  </datafield>
  <datafield tag="952" ind1=" " ind2=" ">
    <subfield code="0">0</subfield>
    <subfield code="1">0</subfield>
    <subfield code="2">ddc</subfield>
    <subfield code="4">0</subfield>
    <subfield code="7">0</subfield>
    <subfield code="8">MCA</subfield>
    <subfield code="a">AIMIT</subfield>
    <subfield code="b">AIMIT</subfield>
    <subfield code="e">Sita Book House</subfield>
    <subfield code="g">225.00</subfield>
    <subfield code="i">Bill no:5309; Bill dt:2003-10-08</subfield>
    <subfield code="l">1</subfield>
    <subfield code="o">511.42 JAIM</subfield>
    <subfield code="p">MCA05404</subfield>
    <subfield code="r">2026-05-23 00:00:00</subfield>
    <subfield code="s">2024-05-29</subfield>
    <subfield code="v">191.25</subfield>
    <subfield code="w">2021-07-16</subfield>
    <subfield code="y">BK</subfield>
  </datafield>
  <datafield tag="952" ind1=" " ind2=" ">
    <subfield code="0">0</subfield>
    <subfield code="1">0</subfield>
    <subfield code="2">ddc</subfield>
    <subfield code="4">0</subfield>
    <subfield code="7">0</subfield>
    <subfield code="8">MCA</subfield>
    <subfield code="a">AIMIT</subfield>
    <subfield code="b">AIMIT</subfield>
    <subfield code="e">Sita Book House</subfield>
    <subfield code="g">225.00</subfield>
    <subfield code="i">Bill no:5309; Bill dt:2003-10-08</subfield>
    <subfield code="l">0</subfield>
    <subfield code="o">511.42 JAIM</subfield>
    <subfield code="p">MCA05405</subfield>
    <subfield code="r">2026-05-23 00:00:00</subfield>
    <subfield code="v">191.25</subfield>
    <subfield code="w">2021-07-16</subfield>
    <subfield code="y">BK</subfield>
  </datafield>
  <datafield tag="952" ind1=" " ind2=" ">
    <subfield code="0">0</subfield>
    <subfield code="1">0</subfield>
    <subfield code="2">ddc</subfield>
    <subfield code="4">0</subfield>
    <subfield code="7">0</subfield>
    <subfield code="8">MCA</subfield>
    <subfield code="a">AIMIT</subfield>
    <subfield code="b">AIMIT</subfield>
    <subfield code="e">Sita Book House</subfield>
    <subfield code="g">225.00</subfield>
    <subfield code="i">Bill no:5309; Bill dt:2003-10-08</subfield>
    <subfield code="l">0</subfield>
    <subfield code="o">511.42 JAIM</subfield>
    <subfield code="p">MCA05406</subfield>
    <subfield code="r">2026-05-23 00:00:00</subfield>
    <subfield code="v">191.25</subfield>
    <subfield code="w">2021-07-16</subfield>
    <subfield code="y">BK</subfield>
  </datafield>
</record>
